000 003870000a22001330004500
090 _aAS
_bSeriadas
245 1 0 _aArtrópodos hematófagos del río Raposo, Valle Colombia: III, Tabanidae
041 0 _aEspañol
700 1 _aFairchild, G. B.
_999316
700 1 _aBarreto, Pablo
_998969
100 1 _aLee, V. H.
_999224
942 _cARTICULO
773 1 _tCaldasia
_345
_h49
_q441-458
_d1969
_g10
999 _c14656
_d14656